000 00558nam a2200217Ia 4500
003 OSt
005 20250625093250.0
008 210423s2011 xx 000 0 und d
040 _cAL
041 _aEnglish
082 _a001.42
_223
_bKOTR
100 _aKothari C R
_9120519
245 _aResearch methodology
_b: Methods and techniques
250 _a2
260 _aNew Delhi
_bNew Age International
_c2011
365 _b200
_cINR
650 _aGeneral
_9120520
650 _aResearch
_9120521
906 _amethodology. ; Research
942 _2ddc
_cBK
999 _c175855
_d175855